Proyecto experimental (Registro nro. 10668)

Detalles MARC
000 -LEADER
campo de control de longitud fija 01245nam a2200349 a 4500
003 - IDENTIFICADOR DE NÚMERO DE CONTROL
campo de control AR-BaBNM
005 - FECHA Y HORA DE LA ÚLTIMA TRANSACCIÓN
campo de control 20251128205252.0
008 - DATOS DE LONGITUD FIJA--INFORMACIÓN GENERAL
campo de control de longitud fija 082120s2002 ||||||||||||||000 | spa||
020 ## - NÚMERO INTERNACIONAL ESTÁNDAR DEL LIBRO
Número Internacional Estándar del Libro 84-369-0799-X
040 ## - FUENTE DE CATALOGACIÓN
Centro/agencia transcriptor AR-BaBNM
110 2# - ENTRADA PRINCIPAL--NOMBRE DE ENTIDAD CORPORATIVA
Nombre de entidad corporativa o nombre de jurisdicción como elemento de entrada Instituto Nacional de Ciencias de la Educación [España]
Unidad subordinada Departamento de Innovación de Métodos y Contenidos
245 00 - MENCIÓN DEL TÍTULO
Título Proyecto experimental
Resto del título área ciencias de la naturaleza
260 ## - PUBLICACIÓN, DISTRIBUCIÓN, ETC.
Lugar de publicación, distribución, etc. Madrid
Nombre del editor, distribuidor, etc. Ministerio de Educación y Ciencia
Fecha de publicación, distribución, etc. 1980
300 ## - DESCRIPCIÓN FÍSICA
Extensión 54 p.
Otros detalles físicos diagr.
500 ## - NOTA GENERAL
Nota general Contiene referencias bibliográficas en notas a pie de página
500 ## - NOTA GENERAL
Nota general INCIE: INSTITUTO NACIONAL DE CIENCIAS DE LA EDUCACION
500 ## - NOTA GENERAL
Nota general UNED: UNIVERSIDAD NACIONAL DE EDUCACION A DISTANCIA
650 #4 - PUNTO DE ACCESO ADICIONAL DE MATERIA--TÉRMINO DE MATERIA
Término de materia o nombre geográfico como elemento de entrada REFORMA DE LA EDUCACION
650 #4 - PUNTO DE ACCESO ADICIONAL DE MATERIA--TÉRMINO DE MATERIA
Término de materia o nombre geográfico como elemento de entrada CIENCIAS NATURALES
650 #4 - PUNTO DE ACCESO ADICIONAL DE MATERIA--TÉRMINO DE MATERIA
Término de materia o nombre geográfico como elemento de entrada TECNICAS DIDACTICAS
651 #4 - PUNTO DE ACCESO ADICIONAL DE MATERIA--NOMBRE GEOGRÁFICO
Nombre geográfico España
653 ## - TÉRMINO DE INDIZACIÓN--NO CONTROLADO
Término no controlado SEGUNDO CICLO DE LA EGB
653 ## - TÉRMINO DE INDIZACIÓN--NO CONTROLADO
Término no controlado INTEGRACION DE CONTENIDOS
700 1# - ENTRADA AGREGADA--NOMBRE PERSONAL
Nombre de persona Fernández Castañon, María Luisa
700 1# - ENTRADA AGREGADA--NOMBRE PERSONAL
Nombre de persona Alvárez López, José Luis
700 1# - ENTRADA AGREGADA--NOMBRE PERSONAL
Nombre de persona Casalderrey García, Manuel Luis
700 1# - ENTRADA AGREGADA--NOMBRE PERSONAL
Nombre de persona España Talón, Juan Angel
700 1# - ENTRADA AGREGADA--NOMBRE PERSONAL
Nombre de persona Lillo Beviá, José
700 1# - ENTRADA AGREGADA--NOMBRE PERSONAL
Nombre de persona Viel Ramírez, Trinidad
942 ## - ELEMENTOS DE ENTRADA SECUNDARIOS (KOHA)
Tipo de ítem Koha Libros
998 ## - INFORMACIÓN DE CONTROL LOCAL (RLIN)
Iniciales del catalogador, CIN (RLIN) silvi
Existencias
Estatus retirado Estado de pérdida Fuente de la clasificación o esquema de estantería Estado de daño Restricciones de uso No para préstamo Biblioteca de origen Biblioteca actual Fecha de adquisición Total de préstamos Signatura topográfica completa Código de barras Visto por última vez Precio de reemplazo Tipo de ítem Koha
    Clasificación Decimal Dewey   Acceso restringido No para préstamo Liberty Liberty 28/11/2025   372.85 FERN 105931 28/11/2025 28/11/2025 Libros